000 00447cam a2200145 4500500
005 20251012032643.0
041 _afre
042 _adc
100 1 0 _aLevécot, Agnès
_eauthor
245 0 0 _aLa « mort blanche » de José Cardoso Pires
260 _c2025.
500 _a84
786 0 _nSigila | 55 | 1 | 2025-05-06 | p. 147-158 | 1286-1715
856 4 1 _uhttps://shs.cairn.info/revue-sigila-2025-1-page-147?lang=fr&redirect-ssocas=7080
999 _c1548000
_d1548000